World Trade Organization (WTO) : trade profiles 2010.
| Corporate Author: | |
|---|---|
| Format: | Book |
| Published: |
Kuala Lumpur:
World Trade Organisation,
2010.
|
| Subjects: |
| LEADER | 00504cam a2200145 7i4500 | ||
|---|---|---|---|
| 001 | 0000026920 | ||
| 005 | 20110919090000.0 | ||
| 020 | 0 | 0 | |a 9789287037428 |
| 090 | 0 | 0 | |a I 382.1042 |b WOR |
| 110 | 2 | 0 | |a World Trade Organization (WTO) |
| 245 | 2 | 0 | |a World Trade Organization (WTO) : |b trade profiles 2010. |
| 260 | 0 | 0 | |a Kuala Lumpur: |b World Trade Organisation, |c 2010. |
| 300 | # | # | |a 192p. |
| 650 | 0 | 0 | |a World Trade Organization (WTO) -- |y 2010 -- |z Trade profiles |
| 999 | |a B000029227 |b Book |c International |e Business Information Centre | ||


